000 00549nam a22002057a 4500
005 20241003143125.0
008 241003b |||||||| |||| 00| 0 eng d
020 _a978-81-317-1056-2
082 _a604.2
_bSHA-E
100 _aShah, M.B
245 _aEngineering Drawing /
_cM.B Shah, and B.C Rana
250 _a2nd ed.
260 _aIndia :
_bPearsons ;
_c2018.
300 _a551 p. :
_bill ;
_c24 cm.
500 _aInclude index.
650 _aEngineering /Civil
650 _aEngineeering/Mechanical
700 _aRana, B.C
999 _c36613
_d36613